Países más cercanos a Guatemala - ¡Muerte súbita! - Estadísticas

Estadísticas generales
  • Esta prueba ha sido intentada 29 veces
  • La puntuación promedio es 11 de 15
Answers on the Grid
Answers color-coded by a green-red scale on the quiz's grid according to % correct below.
Belice
El Salvador
Honduras
México
Nicaragua
Costa Rica
Cuba
Colombia
Panamá
Estados Unidos
Jamaica
Bahamas
Ecuador
Haití
República Dominicana
Perú
Guyana
Bolivia
Brasil
Paraguay
San Cristóbal y Nieves
Trinidad y Tobago
Santa Lucía
Canadá
Uruguay
Argentina
Antigua y Barbuda
Nauru
Tuvalu
Chile
 
Estadísticas de respuestas
Respuesta % Correcto
Honduras
100%
Nicaragua
100%
Panamá
100%
Belice
92%
El Salvador
92%
México
92%
Haití
85%
Costa Rica
77%
Cuba
77%
Estados Unidos
69%
Colombia
54%
Jamaica
54%
República Dominicana
54%
Ecuador
46%
Bahamas
31%
No se encontraron pruebas coincidentes
Distribución de puntuación
Porcentaje de gente con cada puntuación
Porcentaje por número respondido
Historial de tus puntuaciones
No has intentado esta prueba.